000
00245nam a2200109Ia 4500
008
220204s9999 xx 000 0 und d
082
_a
301
_b
JOH
100
_a
Johnson, H M
245
0
_a
Sociology
260
_a
Bombay
_b
Alklied
_c
1960
942
_c
BK
999
_c
22763
_d
22763